Football General Knowledge Quiz #7 - Statistics

General Stats
  • This quiz has been taken 57 times
  • The average score is 10 of 20
Answer Stats
Answer % Correct
FC Barcelona
88%
Bayern Munich
78%
Athletic Club
76%
Juventus
76%
Jurgen Klopp
69%
Valencia CF
65%
Franck Ribéry
59%
Thierry Henry
59%
R.S.C. Anderlecht
57%
Atletico Madrid
55%
Marco Materazzi
51%
Luis Figo
47%
Khvicha Kvaratskhelia
41%
Brighton & Hove Albion
39%
N'Golo Kante
35%
Boca Juniors
29%
SBV Vitesse
29%
Shane Long (7.69 seconds)
29%
Roberto Baggio
27%
Henrik Larsson
20%
No matching quizzes found
Score Distribution
Percent of People with Each Score
Percentile by Number Answered
Your Score History
You have not taken this quiz